00273nam a2200097 a 450000500170000000800410001705000190005810000210007724500310009826000460012920140414132101.0100719s19uu xx 00 eng d aERbWh555 1996 aCarmody, Colleen aWhat comes out of an egg?. aAustralia :bScholastic Australia,c1996.